新宿駅(新宿西口駅)の隣駅 - Statistics

General Stats
  • This quiz has been taken 517 times
  • The average score is 18 of 20
Answer Stats
路線名 駅名 % Correct
JR山手線 代々木
98%
JR総武線 代々木
98%
都営大江戸線 代々木
98%
JR山手線 新大久保 新宿駅
97%
JR埼京線 池袋 新宿駅
95%
JR埼京線 渋谷
95%
JR湘南新宿ライン 池袋 新宿駅
95%
JR湘南新宿ライン 渋谷
95%
JR中央線 中野 新宿駅
93%
JR総武線 大久保 新宿駅
93%
JR中央線 四ツ谷
91%
東京メトロ丸ノ内線 新宿三丁目
90%
都営新宿線 新宿三丁目 新宿駅
90%
都営大江戸線 都庁前 新宿駅
88%
都営大江戸線 都庁前 新宿西口駅
88%
東京メトロ丸ノ内線 西新宿 新宿駅
82%
小田急小田原線 南新宿 新宿駅
81%
京王本線 笹塚 新宿駅
80%
京王新線 初台 新宿駅
75%
都営大江戸線 東新宿 なし
69%
No matching quizzes found
Score Distribution
Percent of People with Each Score
Percentile by Number Answered
Your Score History
You have not taken this quiz